Metodología para el análisis de series de caudales de agua potable y aguas servidas

שמור ב:
מידע ביבליוגרפי
Main Authors: Canales Agurto, José (Author), Castillo González, Jorge (Author)
פורמט: ספר
שפה:ספרדית
יצא לאור: Santiago Universidad de Chile 1980
סדרה:Publicación I - 50
נושאים:
תגים: הוספת תג
אין תגיות, היה/י הראשונ/ה לתייג את הרשומה!

MARC

LEADER 00000nam a2200000 a 4500
001 UCU6214
003 CL-VaPUC
008 960614e19800000CL |||||||||||||||||spa|d
082 0 4 |a 628.14  |b CAN  |2 21 
100 0 |a Canales Agurto, José  |e author  |9 364385 
700 0 |a Castillo González, Jorge  |e author  |9 364386 
245 1 0 |a Metodología para el análisis de series de caudales de agua potable y aguas servidas 
300 |a 203 p 
942 |c BK 
945 |d 19960614 00:00:00  |a paguirre 
260 |a Santiago  |b Universidad de Chile  |c 1980 
650 0 |a Agua  |9 257149 
650 0 |a Agua potable   |9 260375 
650 0 |a Aguas residuales   |9 262614 
650 7 |a RECURSOS DE AGUA  |2 CL-VaPUC  |9 261958 
650 0 |a Aplicaciones de computadores  |9 260401 
583 |a last modification  |c 19960614 00:00:00  |k Rodrigo Vera 
490 0 |a Publicación I - 50 
999 |c 249231  |d 249229 
952 |0 0  |1 0  |4 0  |6 628_140000000000000_CAN_1980  |7 0  |8 A  |9 266384  |a BIBING  |b BIBING  |d 2019-11-19  |i 1684515  |o 628.14 CAN 1980  |p 1684515  |r 2025-01-20  |w 2019-11-19  |y BK  |k ING 
952 |0 0  |1 0  |4 0  |6 628_140000000000000_CAN_1980  |7 0  |8 A  |9 266385  |a BIBING  |b BIBING  |d 2019-11-19  |i 1684833  |o 628.14 CAN 1980  |p 1684833  |r 2025-01-20  |w 2019-11-19  |y BK  |k ING